Control administrativo y sistemas de toma de decisiones

Tallennettuna:
Bibliografiset tiedot
Päätekijät: Patz, Alan L. (autor), Rowe, Alan J (Tekijä)
Aineistotyyppi: Kirja
Kieli:espanja
Julkaistu: Ciudad de México Limusa 1982
Aiheet:
Tagit: Lisää tagi
Ei tageja, Lisää ensimmäinen tagi!

MARC

LEADER 00000nam a2200000 a 4500
001 UCU6597
003 CL-VaPUC
008 960621e19820000MX |||||||||||||||||spa|d
082 0 4 |a 658.403  |b PAT  |2 21 
100 |a Patz, Alan L.  |e autor  |9 364859 
700 0 |a Rowe, Alan J  |e author  |9 364860 
245 1 0 |a Control administrativo y sistemas de toma de decisiones 
300 |a 491 p 
942 |c BK 
945 |d 19960621 00:00:00  |a lriquelm 
260 |a Ciudad de México  |b Limusa  |c 1982 
650 0 |a Gestión   |9 260993 
650 0 |a Administración  |9 259325 
650 0 |a Toma de decisiones   |9 257530 
650 0 |a Teoría de la decisión  |9 357122 
583 |a last modification  |c 19960621 00:00:00  |k Rodrigo Vera 
999 |c 249452  |d 249450 
952 |0 0  |1 0  |4 0  |6 658_403000000000000_PAT_1982  |7 0  |8 A  |9 266722  |a BIBING  |b BIBING  |d 2019-11-19  |i 1689320  |o 658.403 PAT 1982  |p 1689320  |r 2025-01-20  |w 2019-11-19  |y BK  |k ING 
952 |0 0  |1 0  |4 0  |6 658_403000000000000_PAT_1982  |7 0  |8 A  |9 266723  |a BIBGIM  |b BIBGIM  |d 2019-11-19  |i 1404547  |o 658.403 PAT 1982  |p 1404547  |r 2025-01-15  |w 2019-11-19  |y BK  |k COM